Introducción a la teoría de conjuntos y a la topología
Saved in:
| Hovedforfatter: | |
|---|---|
| Format: | Bog |
| Sprog: | spansk |
| Udgivet: |
Barcelona
Vicens-Vives
1966
|
| Serier: | Manuales Vicens-Vives
|
| Fag: | |
| Tags: |
Tilføj Tag
Ingen Tags, Vær først til at tagge denne postø!
|
MARC
| LEADER | 00000nam a2200000 a 4500 | ||
|---|---|---|---|
| 001 | UCU3216 | ||
| 003 | CL-VaPUC | ||
| 008 | 960502e19660000SP |||||||||||||||||spa|d | ||
| 082 | 0 | 4 | |a 511.322 |b KUR |2 21 |
| 100 | |a Kuratowski, Kazimierz |e author |9 564672 | ||
| 245 | 1 | 0 | |a Introducción a la teoría de conjuntos y a la topología |
| 300 | |a 256 p | ||
| 942 | |c BK | ||
| 945 | |d 19960502 00:00:00 |a lriquelm | ||
| 260 | |a Barcelona |b Vicens-Vives |c 1966 | ||
| 650 | 0 | |a Teoría de conjuntos |9 265668 | |
| 650 | 0 | |a Funciones |9 263869 | |
| 650 | 0 | |a Espacios topológicos |9 360015 | |
| 650 | 0 | |a Topología |9 260092 | |
| 650 | 0 | |a Cálculo |9 260234 | |
| 583 | |a last modification |c 19960502 00:00:00 |k Rodrigo Vera | ||
| 490 | 0 | |a Manuales Vicens-Vives | |
| 999 | |c 247302 |d 247300 | ||
| 952 | |0 0 |1 0 |4 0 |6 511_322000000000000_KUR_1966 |7 0 |8 A |9 263123 |a BIBING |b BIBING |d 2019-11-19 |i 1652001 |o 511.322 KUR 1966 |p 1652001 |r 2025-01-20 |w 2019-11-19 |y BK |k EIE | ||
| 952 | |0 0 |1 0 |4 0 |6 511_322000000000000_KUR_1966 |7 0 |8 A |9 263124 |a BIBMAT |b BIBMAT |d 2019-11-19 |i 1488880 |o 511.322 KUR 1966 |p 1488880 |r 2025-01-07 |w 2019-11-19 |y BK |k MAT | ||
| 952 | |0 0 |1 0 |4 0 |6 511_322000000000000_KUR_1966 |7 0 |8 A |9 263125 |a BIBMAT |b BIBMAT |d 2019-11-19 |i 148883K |o 511.322 KUR 1966 |p 148883K |r 2025-01-07 |w 2019-11-19 |y BK |k MAT | ||